India insistent/ (Record no. 18512)

MARC details
000 -LEADER
fixed length control field 01092cam a22002771 4500
001 - CONTROL NUMBER
control field 8752571
003 - CONTROL NUMBER IDENTIFIER
control field BDDh-ASL
005 - DATE AND TIME OF LATEST TRANSACTION
control field 20231015025718.0
008 - FIXED-LENGTH DATA ELEMENTS--GENERAL INFORMATION
fixed length control field 720421s1931 e 000 0 eng
010 ## - LIBRARY OF CONGRESS CONTROL NUMBER
LC control number 32004886
035 ## - SYSTEM CONTROL NUMBER
System control number (OCoLC)290182
040 ## - CATALOGING SOURCE
Original cataloging agency DLC
Transcribing agency OAU
Modifying agency BDDh-ASL
042 ## - AUTHENTICATION CODE
Authentication code premarc
050 00 - LIBRARY OF CONGRESS CALL NUMBER
Classification number DS407
Item number .B86 1931b
082 ## - DEWEY DECIMAL CLASSIFICATION NUMBER
Classification number 954
Item number BUI
100 1# - MAIN ENTRY--PERSONAL NAME
Personal name Butler, Sir Spencer Harcourt,
Dates associated with a name 1869-
245 10 - TITLE STATEMENT
Title India insistent/
Statement of responsibility, etc. by Sir Harcourt Butler.
260 ## - PUBLICATION, DISTRIBUTION, ETC.
Place of publication, distribution, etc. London:
Name of publisher, distributor, etc. W. Heinemann ltd.
Date of publication, distribution, etc. 1931.
300 ## - PHYSICAL DESCRIPTION
Extent viii, 117 p. :
Dimensions 19 cm.
500 ## - GENERAL NOTE
General note "First published September, 1931; new impressions September, October, 1931."
505 1# - FORMATTED CONTENTS NOTE
Formatted contents note The land and the people.--The religions of India.--The Indian states.--An outline of the politial history of India from the earliest times to the appointment of the Simon commission.--The Simon commission, the Round table conference, and after.--Parliament's responsibility.
651 #0 - SUBJECT ADDED ENTRY--GEOGRAPHIC NAME
Geographic name India.
651 #0 - SUBJECT ADDED ENTRY--GEOGRAPHIC NAME
Geographic name India
General subdivision Politics and government.
906 ## - LOCAL DATA ELEMENT F, LDF (RLIN)
a 7
b cbc
c oclcrpl
d u
e ncip
f 19
g y-gencatlg
942 ## - ADDED ENTRY ELEMENTS (KOHA)
Source of classification or shelving scheme Dewey Decimal Classification
Koha item type Books
Holdings
Withdrawn status Lost status Source of classification or shelving scheme Damaged status Not for loan Collection code Home library Current library Shelving location Date acquired Source of acquisition Total Checkouts Full call number Barcode Date last seen Copy number Price effective from Koha item type Public note
    Dewey Decimal Classification   Not For Loan Non-fiction Asiatic Society Library Asiatic Society Library Harrison Collection 10/12/2020 Donated by Prof. John B. Harrison   954 BUI 101704 10/12/2020 C-1 10/12/2020 Books RARE

Powered by Koha